000 00283nam a22001337a 4500
008 170914b xxu||||| |||| 00| 0 eng d
020 _a0275716503
041 _aeng
080 _a7
100 _a44
101 _aART
245 _aAMERICA ART SINCE 1900
_cROSE,B
942 _2udc
_cBK
999 _c27572
_d27572